| 000 | 00628nam a22002057a 4500 | ||
|---|---|---|---|
| 999 |
_c15087 _d15087 |
||
| 003 | AR-CdUCM | ||
| 008 | 190425b ||||| |||| 00| 0 spa d | ||
| 020 | _a978-84-683-1228-6 | ||
| 040 |
_aMUNICIPALIDAD PROVINCIAL DEL CUSCO _cBIBLIOTECA MUNICIPAL DEL CUSCO |
||
| 041 | _heng | ||
| 082 |
_aPI / 803.08 / _bS61 |
||
| 100 |
_aSmith, Alex T. _934101 |
||
| 245 | _aClaude en el campo / | ||
| 260 |
_aBarcelona : _bEdebé, _c2014. |
||
| 300 |
_a95 páginas ; _bIlustraciones, _c18 cm. |
||
| 650 |
_aLiteratura infantil _9588 |
||
| 700 |
_aLlerena, Carmen (traducción) _934102 |
||
| 942 |
_2ddc _cLIBROS |
||
| 945 |
_aacv _d2019-04-25 |
||